Berzeviczy Albert emlékezete
Elmentve itt :
| Szerző: | |
|---|---|
| További közreműködők: | |
| Dokumentumtípus: | Cikk |
| Megjelent: |
1938
|
| Sorozat: | Kolligátum
|
| Kulcsszavak: | Tudománytörténet - magyar - visszaemlékezés |
| Online Access: | http://misc.bibl.u-szeged.hu/22460 |
| LEADER | 00583nab a2200181 i 4500 | ||
|---|---|---|---|
| 001 | misc22460 | ||
| 005 | 20191111110446.0 | ||
| 008 | 170825s1938 hu o 0|| zxx d | ||
| 040 | |a SZTE Miscellanea Repozitórium |b hun | ||
| 041 | |a zxx | ||
| 100 | 1 | |a Balogh Jenő | |
| 245 | 1 | 0 | |a Berzeviczy Albert emlékezete |h [elektronikus dokumentum] / |c Balogh Jenő |
| 260 | |c 1938 | ||
| 300 | |a 1-39 | ||
| 490 | 0 | |a Kolligátum | |
| 695 | |a Tudománytörténet - magyar - visszaemlékezés | ||
| 700 | 0 | 1 | |a Berzeviczy Albert |
| 856 | 4 | 0 | |u http://misc.bibl.u-szeged.hu/22460/1/10314_001-039.pdf |z Dokumentum-elérés |